第27回参議院議員通常選挙当選者 - Statistics

General Stats
  • This quiz has been taken 25 times
  • The average score is 39 of 125
Answer Stats
選出 党派 当選者 % Correct
比例代表 社民党 ラサール石井
81%
比例代表 チームみらい 安野貴博
81%
東京都 参政党 さや
76%
比例代表 日本保守党 百田尚樹
76%
東京都 自民党 鈴木大地
71%
静岡県 国民民主党 榛葉賀津也
71%
比例代表 自民党 鈴木宗男
71%
比例代表 立憲民主党 蓮舫
71%
比例代表 日本保守党 北村晴男
71%
北海道 自民党 高橋はるみ
67%
東京都 国民民主党 牛田茉友
67%
東京都 国民民主党 奥村祥大
62%
東京都 共産党 吉良佳子
57%
兵庫県 無所属 泉房穂
57%
東京都 立憲民主党 塩村文夏
52%
比例代表 国民民主党 足立康史
52%
宮城県 立憲民主党 石垣のりこ
48%
神奈川県 参政党 初鹿野裕樹
48%
富山県 国民民主党 庭田幸恵
48%
京都府 自民党 西田昌司
48%
比例代表 国民民主党 山田吉彦
48%
比例代表 れいわ新選組 木村英子
48%
比例代表 参政党 梅村みずほ
48%
秋田県 無所属 寺田静
43%
千葉県 国民民主党 小林さやか
43%
千葉県 自民党 石井準一
43%
東京都 公明党 川村雄大
43%
大阪府 日本維新の会 佐々木理江
43%
大阪府 公明党 杉久武
43%
大阪府 参政党 宮出千慧
43%
徳島県・高知県 無所属 広田一
43%
大分県 立憲民主党 吉田忠智
43%
比例代表 自民党 有村治子
43%
比例代表 参政党 安藤裕
43%
茨城県 参政党 桜井祥子
38%
神奈川県 立憲民主党 牧山弘恵
38%
長野県 立憲民主党 羽田次郎
38%
山梨県 国民民主党 後藤斎
38%
比例代表 自民党 山田太郎
38%
比例代表 日本維新の会 柴田巧
38%
比例代表 国民民主党 田村麻美
38%
比例代表 国民民主党 平戸航太
38%
比例代表 共産党 小池晃
38%
比例代表 れいわ新選組 伊勢崎賢治
38%
比例代表 参政党 松田学
38%
山形県 無所属 芳賀道也
33%
埼玉県 国民民主党 江原久美子
33%
埼玉県 参政党 大津力
33%
新潟県 立憲民主党 打越さく良
33%
愛知県 立憲民主党 田島麻衣子
33%
京都府 日本維新の会 新實彰平
33%
和歌山県 無所属 望月良男
33%
鹿児島県 無所属 尾辻朋実
33%
比例代表 立憲民主党 郡山玲
33%
比例代表 日本維新の会 嘉田由紀子
33%
比例代表 日本維新の会 石平
33%
比例代表 れいわ新選組 奥田芙美代
33%
比例代表 参政党 安達悠司
33%
北海道 立憲民主党 勝部賢志
29%
福島県 自民党 森まさこ
29%
千葉県 立憲民主党 長浜博行
29%
神奈川県 国民民主党 籠島彰宏
29%
神奈川県 自民党 脇雅昭
29%
愛知県 国民民主党 水野孝一
29%
大阪府 日本維新の会 岡崎太
29%
兵庫県 公明党 高橋光男
29%
兵庫県 自民党 加田裕之
29%
比例代表 公明党 平木大作
29%
比例代表 国民民主党 礒崎哲史
29%
比例代表 参政党 後藤翔太
29%
茨城県 自民党 上月良祐
24%
埼玉県 立憲民主党 熊谷裕人
24%
鳥取県・島根県 自民党 出川桃子
24%
香川県 国民民主党 原田秀一
24%
宮崎県 立憲民主党 山内佳菜子
24%
比例代表 自民党 犬童周作
24%
比例代表 自民党 釜萢敏
24%
比例代表 立憲民主党 森ゆうこ
24%
比例代表 日本維新の会 石井めぐみ
24%
比例代表 国民民主党 浜野喜史
24%
比例代表 国民民主党 伊藤辰夫
24%
岩手県 立憲民主党 横澤高徳
19%
群馬県 自民党 清水真人
19%
静岡県 自民党 牧野京夫
19%
岡山県 自民党 小林孝一郎
19%
広島県 立憲民主党 森本真治
19%
愛媛県 無所属 永江孝子
19%
沖縄県 無所属 高良沙哉
19%
比例代表 自民党 舞立昇治
19%
比例代表 自民党 福山守
19%
比例代表 自民党 橋本聖子
19%
比例代表 自民党 本田顕子
19%
比例代表 立憲民主党 吉川沙織
19%
比例代表 参政党 岩本麻奈
19%
比例代表 参政党 山中泉
19%
北海道 自民党 岩本剛人
14%
栃木県 自民党 高橋克法
14%
石川県 自民党 宮本周司
14%
福岡県 自民党 松山政司
14%
福岡県 参政党 中田優子
14%
福岡県 公明党 下野六太
14%
比例代表 立憲民主党 水岡俊一
14%
青森県 立憲民主党 福士珠美
10%
埼玉県 自民党 古川俊治
10%
福井県 自民党 滝波宏文
10%
岐阜県 自民党 若井敦子
10%
愛知県 参政党 杉本純子
10%
三重県 立憲民主党 小島智子
10%
奈良県 自民党 堀井巌
10%
広島県 自民党 西田英範
10%
山口県 自民党 北村経夫
10%
佐賀県 自民党 山下雄平
10%
長崎県 自民党 古賀雄一郎
10%
熊本県 自民党 馬場成志
10%
比例代表 自民党 東野秀樹
10%
比例代表 立憲民主党 岸真紀子
10%
比例代表 共産党 白川容子
10%
愛知県 自民党 酒井庸行
5%
滋賀県 自民党 宮本和宏
5%
比例代表 自民党 見坂茂範
5%
比例代表 自民党 石田昌宏
5%
比例代表 立憲民主党 小沢雅仁
5%
比例代表 公明党 司隆史
5%
比例代表 公明党 佐々木雅文
5%
比例代表 公明党 原田大二郎
0%
No matching quizzes found
Score Distribution
Percent of People with Each Score
Percentile by Number Answered
Your Score History
You have not taken this quiz